Mega Click to Translate: Danish - Statistics

General Stats
  • This quiz has been taken 55 times
  • The average score is 32 of 50
Answer Stats
Hint Answer % Correct
hand hånd
95%
water vand
95%
fly flyve
90%
tree træ
90%
we vi
90%
bottle flaske
85%
sit sætte
85%
stone sten
85%
swim svømme
85%
river flod
80%
east øst
80%
write skrive
80%
sword sværd
80%
wizard troldmand
80%
work arbejde
75%
sky himmel
75%
mountain bjerg
70%
book bog
70%
husband mand
70%
month måned
70%
skin skind
70%
tower tårn
70%
window vindue
70%
cherry kirsebær
65%
lion løve
65%
small lille
60%
jump springe
60%
owl ugle
60%
road vej
60%
pencil blyant
55%
freedom frihed
55%
gun kanon
55%
happy lykkelig
55%
desert ørken
55%
kill dræbe
50%
throw kaste
50%
cut skære
50%
roof tag
50%
square firkant
45%
because fordi
45%
seed frø
45%
mercury kviksølv
45%
count tælle
45%
breathe ånde
40%
bad dårlig
40%
far fjerne
40%
fight kæmpe
40%
laugh le
40%
push skubbe
40%
dirty snavset
35%
No matching quizzes found
Score Distribution
Percent of People with Each Score
Percentile by Number Answered
Your Score History
You have not taken this quiz